বাউল / (Record no. 10592)
[ view plain ]
| 000 -LEADER | |
|---|---|
| fixed length control field | 00717nam a2200241 a 4500 |
| 001 - CONTROL NUMBER | |
| JCCL Control Number | 10592 |
| 003 - CONTROL NUMBER IDENTIFIER | |
| JCCL marc code | BD-JhCC |
| 005 - DATE AND TIME OF LATEST TRANSACTION | |
| control field | 20180728085008.0 |
| 008 - FIXED-LENGTH DATA ELEMENTS--GENERAL INFORMATION | |
| fixed length control field | 180728s20131999bg |||| ||a| 000 0 ben d |
| 020 ## - INTERNATIONAL STANDARD BOOK NUMBER | |
| International Standard Book Number | 9844600359 |
| 035 ## - SYSTEM CONTROL NUMBER | |
| system control number | (BD-JhCC)10592 |
| 040 ## - CATALOGING SOURCE | |
| Original cataloging agency | BD-JhCC |
| Modifying agency | BD-JhCC |
| 041 ## - LANGUAGE CODE | |
| Language code of Book | ben |
| 082 ## - DEWEY DECIMAL CLASSIFICATION NUMBER | |
| DDC Edition number | 23 |
| Classification number | 891.4409 |
| Author mark and Year | UDD 2013 |
| 100 ## - MAIN ENTRY--PERSONAL NAME | |
| Personal name | উদ্দীন, জসীম |
| Fuller form of name | পল্লীকবি |
| 245 ## - TITLE STATEMENT | |
| Title | বাউল / |
| Remainder of title | জসীম উদ্দীন |
| 260 ## - PUBLICATION, DISTRIBUTION, ETC. (IMPRINT) | |
| Place of publication, distribution, etc | ঢাকা: |
| Name of publisher, distributor, etc | পলাশ প্রকাশনী, |
| Date of publication, distribution, etc | ২০১৩ |
| 300 ## - PHYSICAL DESCRIPTION | |
| Pagination | 157 p.: |
| Dimensions | 22 cm. |
| 650 ## - SUBJECT ADDED ENTRY--TOPICAL TERM | |
| Topical term or geographic name as entry element | Bengali Literature |
| 650 ## - SUBJECT ADDED ENTRY--TOPICAL TERM | |
| Topical term or geographic name as entry element | বাংলা সাহিত্য |
| 942 ## - ADDED ENTRY ELEMENTS (KOHA) | |
| Source of classification or shelving scheme | Dewey Decimal Classification |
| Koha item type | Books |
| Source of classification or shelving scheme | Damaged status | Not for loan | Home library | Current library | Shelving location | Date of accession | Cost, normal purchase price | Total Checkouts | Full call number | Barcode | Date last seen | Date checked out | Copy number | Koha item type |
|---|---|---|---|---|---|---|---|---|---|---|---|---|---|---|
| Dewey Decimal Classification | JCC Rouf Library | JCC Rouf Library | General Stacks | 07/28/2018 | 250.00 | 1 | 891.4409 UDD 2013 | 14234 | 04/28/2025 | 04/07/2025 | C-1 | Books |